000 00298nam a22001337a 4500
007 9780324185683
008 171106b xxu||||| |||| 00| 0 eng d
041 _aeng
080 _24 ED
_a330.722.6
100 _a62
101 _aKON
245 _aFINANCIAL ACCOUTING
_cPORTER.G.A
942 _2udc
_cBK
999 _c37899
_d37899